Flugzeugflotten Teil 23-Icelandair - Statistiken

Allgemein
  • Dieses Quiz wurde 48 mal gespielt
  • Das Durchschnittsergebnis liegt bei 5 aus 7
Antwortstatistiken
Anzahl Flugzeugtyp % Korrekt
2 Boeing 757-300
93%
17 Boeing 737 MAX 8
90%
4 Boeing 737 MAX 9
85%
14 Boeing 757-200
80%
5 Boeing 767-300ER
80%
3 De Havilland DHC-8-200
12%
3 De Havilland DHC-8-400
10%
Keine übereinstimmenden Quizze gefunden
Verteilung der Resultate
Anzahl Personen mit jedem Resultat
Perzentil nach korrekt beantworteten Fragen
Ihre Resultats-Entwicklung
Sie haben dieses Quiz noch nicht gespielt